000 00311nam a22001337a 4500
008 170619b xxu||||| |||| 00| 0 eng d
020 _a9781567656183
041 _aeng
080 _22ND
_a328
100 _a20
101 _aSHP
245 _aREVIEWING U.S. HISTORY AND GOVERNMENT
_cPEISER,A
942 _2udc
_cBK
999 _c18008
_d18008